Regionálny program spojí záujmy
Integrovaný regionálny operačný program a jeho implementácia v praxi prostredníctvom schválených Regionálnych integrovaných územných stratégií (RIUS). Princíp partnerstva pri tvorbe RIUS, ktorý vychádza z Programu hospodárskeho a sociálneho rozvoja daného VÚC. Prostriedky financovania.
Salvato in:
| Autore principale: | |
|---|---|
| Natura: | Capitolo di libro |
| Lingua: | slovacco |
| Soggetti: | |
| Tags: |
Nessun Tag, puoi essere il primo ad aggiungerne!!
|
MARC
| LEADER | 00000naa a2200000 4500 | ||
|---|---|---|---|
| 001 | 0200002 | ||
| 005 | 20231005103811.1 | ||
| 041 | 0 | |a slo | |
| 044 | |a SK | ||
| 245 | 1 | 0 | |a Regionálny program spojí záujmy |c Vojtech Gossányi |
| 520 | |a Integrovaný regionálny operačný program a jeho implementácia v praxi prostredníctvom schválených Regionálnych integrovaných územných stratégií (RIUS). Princíp partnerstva pri tvorbe RIUS, ktorý vychádza z Programu hospodárskeho a sociálneho rozvoja daného VÚC. Prostriedky financovania. | ||
| 610 | 2 | 0 | |a programy operačné |
| 610 | 2 | 0 | |a Európska únia |
| 610 | 2 | 0 | |a projekty medzinárodné |
| 610 | 2 | 0 | |a spolupráca hospodárska medzinárodná |
| 610 | 2 | 0 | |a fondy Európskej únie |
| 100 | 1 | |a Gossányi, Vojtech | |